000 01494naa a22004097a 4500
001 BR8705307
003 BR-BrBNA
005 20250721154519.0
007 ta
008 250630b bl.|||m| |||| 00| 0 por d
040 _aBR-BrBNA
_bpor
_cBiblioteca Nacional de Agricultura
041 _a(Pt)
072 _aF61
_b0150
_b3866
_b9205
_bG514
090 _aF61 BR8705307
100 1 _aLopes, M.S.
100 1 _aSantos, O.S. dos
100 1 _aCabral, J.T.
100 1 _aIochpe, B.
111 1 _a14. Reuniao da Cultura do Arroz Irrigado
_cPelotas, RS (Brazil)
_d1-4 Oct 1985
245 1 _aEfeito de micronutrientes sobre o rendimento de graos de arroz irrigado
246 1 _a[Effect of micronutrients on the yield of irrigated rice grains]
246 1 _a[Annals of the 14. Meeting of Irrigated Rice]
500 _aAnais da 14. Reuniao da Cultura do Arroz Irrigado Pelotas, RS (Brasil): 1985. p. 226-234 [4 tables; 6 ref.] (BR8705307-AMS)
773 0 _tAnais da 14. Reuniao da Cultura do Arroz Irrigado
_wF61 BR8705307
_gPelotas, RS (Brasil), 1985. p. 226-234
650 _aARROZ IRRIGADO
650 _aNUTRICAO
650 _aMICROELEMENTO
650 _aZINCO
650 _aCOBRE
650 _aBORO
650 _aGRAO
650 _aRENDIMENTO
650 _aRIO GRANDE DO SUL
490 _aDocumentos - Centro de Pesquisa Agropecuaria de Terras Baixas de Clima Temperado (Brazil)
_vno. 26
_xISSN 0101-9708
942 _cAMS
_2AGRIS
909 _a202506
_bLúcia
_c55
_dLúcia Elande
999 _c335274
_d335274